Co robimy, gdy boli nas brzuch? - Statystyki

Ogólne statystyki
  • Ten quiz został rozwiązany 8 razy
  • Średni wynik to 2 z 5
Statystyki odpowiedzi
Hint Odpowiedź % Poprawnych
2. Bierzemy tabletkę
88%
3. Idziemy do lekarza
63%
1. Masujemy brzuch
25%
4. Pijemy wodę
25%
5. Cierpimy
0%
Nie znaleziono quizów pasujących do podanych kryteriów
Rozkład punktacji
Procent ludzi z każdym wynikiem
Percentyl według liczby udzielonych odpowiedzi
Twoja historia wyników
Nie rozwiązałeś tego quizu